000 00822cab a2200265 4500
001 ABS43020
008 090401t1990 xxu||||| |||| 00| 0 eng d
035 _a(Sirsi) u39992
041 _aeng
100 _aPass, T.
245 _aKeeping it cheap
260 _c1990
350 _a0
490 _aChartered Quantity Surveyor
_v12(11) July 1990, 18-19(2)
520 _aLooks at Ronson Hall, UMIST as a prime example of a university hall of residence built on an economical basis in terms of costing and space
650 _aBUILT ENVIRONMENT-BUILDING COSTS
650 _aBUILDING PROJECTS
650 _aEDUCATION BUILDINGS
650 _aMANCHESTER
650 _aSPACE UTILISATION
650 _aSTUDENT ACCOMMODATION
690 _aBUILT ENVIRONMENT-CONSTRUCTION DESIGN
942 _n0
948 _c04/03/1997
999 _c25608
_d25608